Čiarový kód naďalej kraľuje

Stručný historický pohľad na systém označovania spotrebného tovaru čiarovým kódom. Využitie čiarových kódov. Typy čiarových kódov.

Salvato in:
Dettagli Bibliografici
Autore principale: Brezovský, Jozef
Natura: Capitolo di libro
Lingua:slovacco
Soggetti:
Tags: Aggiungi Tag
Nessun Tag, puoi essere il primo ad aggiungerne!!

MARC

LEADER 00000naa a2200000 4500
001 0157473
005 20231010141253.1
041 0 |a slo 
044 |a SK 
245 1 0 |a Čiarový kód naďalej kraľuje  |c Jozef Brezovský 
520 |a Stručný historický pohľad na systém označovania spotrebného tovaru čiarovým kódom. Využitie čiarových kódov. Typy čiarových kódov. 
610 2 0 |a história 
610 2 0 |a kódy čiarové 
610 2 0 |a obchodníci 
610 2 0 |a identifikácia automatická 
610 2 0 |a obaly 
610 2 0 |a tovar spotrebný 
610 2 0 |a označovanie tovarov 
100 1 |a Brezovský, Jozef